| 000 | 01017nmc a2200349 a 4500 | ||
|---|---|---|---|
| 003 | AR-BaBNM | ||
| 005 | 20251128204112.0 | ||
| 008 | 105019s1990 ||||||||||||||000 | spa|| | ||
| 020 | _a950-25-1571-4 | ||
| 040 | _cAR-BaBNM | ||
| 100 | 1 | _aLacoste, Pablo | |
| 245 | 1 | 0 |
_aHegemonía y poder en el oeste argentino _n1 |
| 260 |
_aBuenos Aires _bCentro Editor de América Latina _c1990 |
||
| 300 | 0 |
_a127 p. _bgráfs. |
|
| 490 | 0 |
_aBiblioteca política Argentina _vv. 302 |
|
| 650 | 4 | _aHISTORIA PROVINCIAL ARGENTINA | |
| 650 | 4 | _aHISTORIA POLITICA ARGENTINA | |
| 650 | 4 | _aHISTORIA ECONOMICA | |
| 650 | 4 | _aHISTORIA SOCIAL | |
| 650 | 4 | _aCONDICION SOCIOECONOMICA | |
| 650 | 4 | _aHISTORIA CUYANA | |
| 650 | 4 | _aHISTORIA MENDOCINA | |
| 650 | 4 | _aLIBERALISMO | |
| 650 | 4 | _aINMIGRACION EN ARGENTINA | |
| 650 | 4 | _aIGLESIA Y ESTADO | |
| 651 | 4 | _aArgentina | |
| 651 | 4 | _aRegión Cuyana | |
| 700 | 1 |
_aSantamaría, Daniel J. _eprologuista |
|
| 800 | 1 |
_aTroncoso, Oscar _edirector |
|
| 942 | _cBK | ||
| 998 | _cGrace | ||
| 999 |
_c6181 _d6181 |
||